| 000 | 00504nam a22001817a 4500 | ||
|---|---|---|---|
| 005 | 20150410105931.0 | ||
| 010 | _aENG-112461 | ||
| 020 |
_a9788128837043 _c300.00 |
||
| 035 | _aEN-95993 | ||
| 037 | _bDBAD/PUB | ||
| 082 | _aN | ||
| 100 | _a Amitabh Kumar | ||
| 245 |
_aBloody merit scholars / _cby Amitabh Kumar _b |
||
| 260 |
_aNew Delhi _bDiamond Pocket Books _c2011 |
||
| 270 |
_aX-30, Okhla Industrial Area, Phase-II, _bNew Delhi _e110020 |
||
| 300 |
_a192p. _c22cm(Hb) |
||
| 942 |
_2ddc _cEN _mAMI _hN |
||
| 999 |
_c92674 _d92674 |
||